000 00641nam a22002057a 4500
003 NUST
005 20240726105731.0
008 190817b ||||| |||| 00| 0 eng d
038 _aMr. Noman
082 _a200
100 _aYasin, Muhammad
_919287
245 _aFabrication of Solution Processed Semiconducting Films Based Devices /
_cMuhammad Yasin.
260 _aIslamabd:
_bSEECS - NUST,
_c2016.
300 _a137 p.: ill.;
_c35cm.
500 _aHardcover.
650 _aPh. D Thesis.
_919288
700 _aSupervisor Dr. Tauseef Tauqeer
_991883
856 _uhttp://10.250.8.41:8080/xmlui/handle/123456789/26381
942 _2ddc
_cSC
999 _c527821
_d527821